[Event "Candidates sf1"]
[Site "London"]
[Date "1989.??.??"]
[Round "5"]
[White "Karpov, Anatoly"]
[Black "Jussupow, Artur"]
[Result "1/2-1/2"]
[WhiteElo "2755"]
[BlackElo "2610"]
[Annotator "Jussupow,Artur"]
[PlyCount "91"]
[EventDate "1989.10.??"]
[EventType "match"]
[EventRounds "8"]
[EventCountry "ENG"]
[SourceTitle "Candidates"]
[Source "ChessBase"]
[SourceDate "1999.07.01"]
[SourceVersion "2"]
[SourceVersionDate "1999.07.01"]
[SourceQuality "1"]

1. d4 {Ftacnik,Lubomir Artur Yusupov} Nf6 2. c4 e6 3. Nf3 d5 4. Nc3 Be7 5. Bg5 O-O 6. e3 h6 7. Bh4 Ne4 8. Bxe7 Qxe7 9. cxd5 Nxc3 10. bxc3 exd5 11. Qb3 Rd8 12. c4 dxc4 13. Bxc4 Nc6 14. Qc3 {14.e2} Bg4 15. O-O Bxf3 16. gxf3 Qf6 ({RR} 16... Qh4 17. Kh1 Rd6 ({RR} 17... Qh3 18. Be2 Rd6 19. Rg1) 18. Rg1 Ne7 ({RR} 18... Qxf2 19. Raf1 Qh4 20. d5 Qf6 21. Qxf6 Rxf6 22. dxc6) 19. Rg4 Qh5 ({RR} 19... Qxf2 20. Rf1 Nd5 21. Qb3 Qxe3 22. Bxd5) 20. Rag1 Rg6 ({RR} 20... g6 21. Qb3) ({RR} 20... Kf8 21. Bb3 ({RR} 21. Qb4 Rb6 22. Qc5 Qxc5 23. dxc5 Rb4 24. a3 Ra4 25. Rb1 Rb8) ({RR} 21. d5 Ng6 22. Bb3) 21... Rc6 22. Qb4 Rb6 23. Qc5 Qxc5 24. dxc5 Rg6 25. Rd1) 21. Qb4 b5 ({RR} 21... Rxg4 22. fxg4 Qg6 23. Qxb7) 22. Qxb5 Qxb5 23. Bxb5 Rb8 24. Bc4 Rxg4 25. fxg4 Rb2 26. Kg2 a5 ({RR} 26... Ng6 27. Rc1) 27. Rc1 a4 28. Rc3 Kf8 29. Ra3 Nc8 ({RR} 29... Rb4 30. Bb3 axb3 31. Ra8+ Nc8 32. Rxc8+ Ke7 33. axb3) 30. Bd5 ({RR} 30. Rxa4 Nb6) 30... Nb6 31. Bc6 {Beliavsky,A (2650)-Vaganian,R (2645) Reggio Emilia 1995 CBM 051 [Ftacnik,Lubomir] 1-0 (60)}) 17. Be2 ({RR} 17. f4 Ne7 18. Rac1 Rac8 19. h3 Rd6 20. Kh2 Nf5 21. Be2 g6 22. Qa5 h5 23. Rxc7 Rxc7 24. Qxc7 Nxd4 25. exd4 Qxf4+ 26. Kg2 Qg5+ 27. Kh1 Qd5+ 28. Kh2 Qxd4 29. Bf3 Qf4+ 30. Kg2 Qg5+ 31. Kh1) 17... Rac8 $1 $10 {N;e7,c5} 18. Rab1 (18. Rfb1 b6 19. Ba6 $6 Qxf3 20. Bb7 (20. Bxc8 $5 Rxc8 $17) 20... Rd6 21. Bxc8 Rg6+ 22. Kf1 Rg2 23. Qc2 (23. Qb2 Rxh2 24. Ke1 Rh1+ 25. Kd2 Qxf2+ 26. Kd3 Qxb2 27. Rxb2 Rxa1 $19) 23... Rxh2 24. Ke1 Qh1+ 25. Ke2 Rxf2+ 26. Kxf2 {26.d3 e5 27.de d5-+} Qh2+ 27. Kf3 Qxc2 28. Rc1 Qg6 $19) (18. Kh1 $5 Ne7 19. Rac1 $10 {g1,c5}) 18... b6 19. Rfc1 $146 (19. Ba6 Qxf3 20. Bxc8 Rxc8 21. Rfc1 Ne7 $44 {}) ({RR} 19. f4 Ne7 20. Ba6 Qg6+ 21. Kh1 Nd5 22. Qd3 Qxd3 23. Bxd3 c5 24. Ba6 Rc7 25. dxc5 Rxc5 26. Rfd1 Rb8 27. Rbc1 Rxc1 28. Rxc1 Kf8 29. a3 Rd8 30. Bb5 Ke7 31. Kg2 f5 32. Kf3 g5 33. fxg5 hxg5 {Kobalia,M (2500)-Korneev,O (2560) Krasnodar 1998 ½-½ (41)}) 19... Ne7 20. Kh1 {20.a6 d5!?} Rd5 $5 (20... c5 21. dxc5 Qxc3 22. Rxc3 Rd2 23. Ba6 (23. cxb6 $2 Rxc3 24. bxa7 Rxa2 $19 {24...a3}) 23... Rxc5 24. Rxc5 bxc5 25. Rb8+ Kh7 26. Rb7 Nf5 {26...g6!?} 27. Rxf7 Nh4 28. h3 Rxf2 29. Kg1 Rxa2 30. Bd3+ Kg8 31. Bc4 $146) 21. Qc2 $6 (21. f4 $2 c5 22. Bf3 {22.dc c5 23.e1 c6-+} cxd4 23. Qxc8+ Nxc8 $19) (21. Qe1 c5 $15) 21... Qh4 $1 $15 {×f2} 22. f4 $3 (22. Bf1 Rh5 23. h3 c5 24. Qe4 Qxf2 25. Rc2 {25.e7 g5-+} Qh4 $17) (22. Qe4 Qxf2 23. Rc2 {23.e7? h5-+} Rh5 24. Qh7+ {24.f4 d5!-+} Kf8 $1 25. Qh8+ Ng8 $19) 22... Qxf2 23. Bg4 Qxc2 {23...e3? 24.e1 f4 25.c8 f3 26.g2 g2 27.g2 c8 28.e8+-} 24. Rxc2 f5 25. Bf3 Rd7 {25...d6? 26.b7 ×c7} 26. Rbc1 Nd5 27. Bxd5+ Rxd5 28. Rxc7 Rxc7 29. Rxc7 Ra5 30. d5 $1 {30.c2 a3 31.e2 f7} Kf8 $5 (30... Rxd5 31. Rxa7 Rd3 32. Rb7 Rxe3 33. Kg2 $1 $15 {33.b6? e4}) 31. d6 Ke8 32. Rxg7 Rxa2 33. Kg1 $6 (33. Rb7 $1 $10 Kd8 34. Kg1 Kc8 35. Rc7+ Kb8 $2 36. e4 fxe4 37. f5 Rd2 38. f6 Rxd6 39. f7 Rg6+ 40. Kh1 Rf6 41. Re7 a5 42. Re8+ Kb7 43. f8=Q Rxf8 44. Rxf8 a4 45. Kg2 b5 {45...a3 46.f1 b5 47.b1} 46. Kf2 $18) 33... a5 34. Re7+ $2 $19 (34. Rb7 Rb2 35. e4 fxe4 36. f5 Rd2 37. Rxb6 e3 38. Rb3 Rxd6 39. Rxe3+ Kf7 $15) 34... Kd8 35. e4 fxe4 36. Rb7 {36.f5 d2-+} e3 37. Kf1 a4 (37... Rxh2 38. Rxb6 Rf2+ {38...a4!?} 39. Ke1 Rxf4 $17) 38. Rxb6 a3 $2 $10 (38... Rxh2 39. Ra6 {39.f5 f2 40.e1 f5 a5-+} Rf2+ 40. Ke1 Rxf4 $19) 39. Ra6 Rf2+ 40. Ke1 a2 41. f5 Kd7 {41...h2 42.f6 h1? 43.e2 a1 44.a1 a1 45.f7+-} 42. f6 Ke6 43. Ra8 Kxd6 44. f7 Rxf7 45. Rxa2 Ke5 46. Ra6 {Artur Yusupov} 1/2-1/2

[Event "Bugojno"]
[Site "Bugojno"]
[Date "1986.??.??"]
[Round "9"]
[White "Jussupow, Artur"]
[Black "Karpov, Anatoly"]
[Result "1/2-1/2"]
[WhiteElo "2645"]
[BlackElo "2700"]
[Annotator "ChessBase"]
[PlyCount "45"]
[EventDate "1986.05.??"]
[EventType "tourn"]
[EventRounds "14"]
[EventCountry "YUG"]
[EventCategory "16"]
[SourceTitle "MCL"]
[Source "ChessBase"]
[SourceDate "1999.07.01"]
[SourceVersion "1"]
[SourceVersionDate "1999.07.01"]
[SourceQuality "1"]

1. d4 d5 2. c4 e6 3. Nf3 Nf6 4. Bg5 Be7 5. Nc3 O-O 6. e3 h6 7. Bh4 b6 8. Rc1 Bb7 9. Be2 dxc4 10. Bxc4 Nbd7 11. O-O c5 12. Qe2 a6 13. a4 cxd4 14. Nxd4 Nc5 15. Rfd1 Qe8 16. Bg3 Nfe4 17. Nxe4 Nxe4 18. Be5 ({RR} 18. Bc7 Bc5 19. a5 b5 20. Bd3 Qe7 21. Qc2 Bxd4 22. Bxe4 Bxe4 23. Qxe4 Rac8 24. Rxd4 Rxc7 25. Rcd1 Rfc8 26. h4 Rc1 27. h5 Qc5 28. g4 Qc2 29. Qxc2 R8xc2 30. Rxc1 Rxc1+ 31. Kg2 Rb1 32. Rd6 Rxb2 {Bu,X (2664)-Asrian,K (2635) Taiyuan 2006 ½-½ (37)}) 18... Bf6 19. Bxf6 Nxf6 20. Qc2 Rd8 $146 ({RR} 20... Qe7 21. Qb3 Nd5 22. Be2 Rfc8 23. Bf3 {½-½ (23) Vaganian,R (2590)-Gurevich,M (2540) Leningrad 1987}) ({RR} 20... Qb8 21. h3 Be4 22. Qb3 Re8 23. Bd3 Bd5 24. Bc4 Be4 25. Bd3 Bd5 26. Bc4 Qb7 27. Bxd5 Nxd5 28. Rc2 Rac8 29. Rdc1 Ne7 30. Rxc8 Rxc8 31. Rxc8+ Nxc8 32. Qd3 Ne7 33. b3 Qc8 34. Qc2 Qxc2 35. Nxc2 {Binder,M (2270)-Kovacs,G (2500) Oberwart 2010 ½-½ (54)}) 21. Be2 Rd6 (21... e5 22. Nf3 Rxd1+ 23. Rxd1 Qe7 24. Qc3 Re8 $10 {Karpov}) 22. Qc7 Qb8 (22... Qd7 $2 23. Nxe6 $1) 23. h3 1/2-1/2

[Event "Candidates sf1"]
[Site "Linares"]
[Date "1992.??.??"]
[Round "7"]
[White "Karpov, Anatoly"]
[Black "Short, Nigel D"]
[Result "1-0"]
[WhiteElo "2725"]
[BlackElo "2685"]
[Annotator "Stohl,Igor"]
[PlyCount "89"]
[EventDate "1992.04.??"]
[EventType "match"]
[EventRounds "10"]
[EventCountry "ESP"]
[SourceTitle "Candidates"]
[Source "ChessBase"]
[SourceDate "1999.07.01"]
[SourceVersion "2"]
[SourceVersionDate "1999.07.01"]
[SourceQuality "1"]

1. d4 {Ftacnik Hansen,Cu} d5 2. c4 e6 3. Nc3 Nf6 4. Bg5 Be7 5. e3 O-O 6. Nf3 h6 7. Bh4 b6 8. Be2 Bb7 9. Bxf6 Bxf6 10. cxd5 exd5 11. b4 c5 (11... c6 12. O-O Re8 13. Qb3 a5 14. a3 Nd7 15. b5 c5 16. Nxd5 Bxd4 $1 17. Rad1 Ne5 18. Nxe5 Bxd5 $10 {Karpov,A-Short,N,Amsterdam Euwe-mem 1991-CBM 23}) 12. bxc5 bxc5 13. Rb1 Qa5 (13... Bc6 $142 14. O-O Nd7 15. Bb5 Qc7 16. Qd2 Rab8 17. Bxc6 Qxc6 18. dxc5 Bxc3 19. Qxc3 Qxc5 20. Qxc5 Nxc5 21. Nd4 Rfc8 22. f3 g6 23. Rxb8 Rxb8 24. Nc6 Re8 25. Kf2 Nd3+ 26. Ke2 Nf4+ {1/2:1/2,Hubner,R-Ivanchuk,V,Dortmund 1992-CBM 29}) 14. Qd2 cxd4 15. Nxd4 Bxd4 16. exd4 (16. Qxd4 $5 Nc6 17. Qd2 {×d5,b5}) 16... Ba6 (16... Bc6 17. Nb5 Qd8 18. O-O Nd7 19. Rfc1 $36) 17. Nb5 Qd8 18. O-O Nc6 19. Rfd1 (19. Rfc1 Qf6 $5 20. Nc7 Bxe2 21. Nxa8 Bc4 $146) ({RR} 19. a4 Qf6 20. Rfd1 Rfd8 21. Rb3 Rac8 22. h3 Qg5 23. Qxg5 hxg5 24. Rg3 f6 25. Bg4 Rb8 26. Rc3 Rb6 27. Rc5 Bxb5 28. axb5 Na5 29. Re1 Kf8 30. Bh5 Rbb8 31. Rc7 Rb7 32. Ree7 Rxc7 33. Rxc7 Nb3 {Azmaiparashvili,Z (2610)-Short,N (2685) Manila 1992 1-0 (54)}) 19... Qf6 20. Bf1 $5 {N} (20. Bf3 Rab8 21. a4 Rfd8 22. Qc3 Bc8 23. Rbc1 a6 $1 $10 {Yusupov,A-Belyavsky,A,Linares 1988-CBM 06} (23... a6 {Hansen,Cu} 24. Qxc6 Qxc6 25. Rxc6 axb5 26. axb5 {½-½ Jusupov-Beljavski Linares 1988})) 20... Rab8 21. a4 Rfc8 $146 (21... Bc8 $142 $1 {a6,f5}) (21... Rfd8 $5 {Hansen,Cu}) ({RR} 21... Bc8 22. Rbc1 a6 23. Nc7 Qd6 24. Qc3 Qxc7 25. Qxc6 Qxc6 26. Rxc6 Rb4 27. a5 Ra4 28. Bxa6 Be6 29. Bb7 Rxa5 30. Rc5 Ra4 31. Bc6 Rb4 32. Bxd5 Rd8 33. Bxe6 fxe6 34. Re1 Rbxd4 35. Rcc1 Kf7 36. g3 {Georgiev,K (2610)-Kotronias,V (2550) Elenite 1992 ½-½ (39)}) ({RR} 21... Bc8 22. Rbc1 a6 23. Nc7 Qd6 24. Qc3 Qxc7 25. Qxc6 Qxc6 26. Rxc6 Rb4 27. a5 Ra4 28. Rdc1 Be6 29. Rxa6 Rb8 30. Rb6 Rxb6 31. axb6 Rb4 32. Rc6 Kf8 {½-½ (32) Skembris,S (2530)-Kotronias,V (2560) Heraklion 1992}) 22. Rb3 Bxb5 23. axb5 Nd8 24. Qa2 $1 Rc7 25. Ra3 {×a7,d5} Qf5 26. Re3 $1 (26. Rxa7 $2 Rc2 $17) 26... Ne6 (26... Rc2 {Hansen,Cu} 27. Re8+ Kh7 28. Qxc2 Qxc2 29. Bd3+ $18) 27. Re5 Qg4 28. Be2 Qg6 29. g3 $1 (29. Qxd5 Rd8 $1 (29... Nf4 30. Qf3 $14) 30. Qe4 Qxe4 31. Rxe4 Rcd7 $10) 29... Rbc8 $5 (29... Nf4 30. Bf1 $1 $16 {h1,d5}) (29... Rc2 {Ftacnik} 30. Qxa7) 30. Bh5 Qf6 31. Qxd5 g6 (31... Rd8 32. Qe4 Rc4 33. Rf5 $18) 32. Be2 (32. Bg4 $16 {Ftacnik}) 32... Rc3 (32... Rc2 33. Qf3 $16) 33. h4 Ra3 34. Qe4 Rcc3 35. Kg2 Kg7 36. d5 (36. Rd5 $5 $16 {d7,e5}) 36... Nc5 37. Qd4 Rc2 38. Re8 Raa2 $2 (38... Qxd4 $8 39. Rxd4 Raa2 40. Kf1 $16 (40. Kf3 $6 Ne6 $1 $13) (40. Kf1 {Ftacnik} Ra1+ 41. Kg2 Raa2 42. Kf3 Ne6 43. dxe6 (43. Re4 $2 Rxe2 44. Rxe2 Nd4+ $19) 43... Rxe2 44. Rd7 Rxf2+ $10)) 39. Rg8+ $1 $18 Kxg8 40. Qxf6 Rxe2 41. Ra1 $1 Ne4 42. Rxa2 Rxa2 43. Qd4 Rxf2+ 44. Kg1 Re2 45. d6 {[Stohl]} 1-0

[Event "Baden-Baden"]
[Site "Baden-Baden"]
[Date "1992.12.05"]
[Round "1"]
[White "Karpov, Anatoly"]
[Black "Boensch, Uwe"]
[Result "1-0"]
[WhiteElo "2715"]
[BlackElo "2490"]
[Annotator "Ftacnik,Lubomir"]
[PlyCount "81"]
[EventDate "1992.12.??"]
[EventType "tourn"]
[EventRounds "11"]
[EventCountry "GER"]
[EventCategory "14"]
[SourceTitle "CBM 033"]
[Source "ChessBase"]
[SourceDate "1993.04.01"]
[SourceVersion "1"]
[SourceVersionDate "1993.04.01"]
[SourceQuality "1"]

1. d4 Nf6 2. c4 e6 3. Nf3 d5 4. Nc3 Be7 5. Bg5 h6 6. Bh4 O-O 7. e3 b6 8. Be2 Bb7 9. Bxf6 Bxf6 10. cxd5 exd5 11. O-O Re8 12. b4 c6 13. Qb3 Qd6 14. Rfe1 (14. a4 Nd7 15. a5 b5 (15... Rad8 16. axb6 axb6 17. Ra7 Qb8 18. Ra2 (18. Rfa1 b5 19. Ne1 Nb6 20. Nd3 Na4 21. Ra5 Bxd4 22. exd4 Nxc3 23. Qxc3 Rxe2 24. Ne5 $10 {Nikolic,Pr-Short,N/Belgrade/1989/}) 18... b5 19. Ne1 Be7 20. Nd3 Bd6 21. g3 Nb6 22. Bf3 Bc8 23. Rfa1 Bf5 24. Nc5 $14 {Nikolic,P-Short,N/Manila izt (8)/1990/}) 16. Ne1 (16. Rac1 a6 17. Rc2 h5 18. Bd3 h4 19. Re1 Be7 20. Rb2 Qf6 21. e4 h3 22. e5 Qe6 23. g3 Nf8 24. Ne2 $13 {Podgaec-Haritonov/Tallinn 1L/1983/}) 16... Nf8 17. Nd3 Bc8 18. Nc5 Bd8 19. Rfe1 Ne6 20. Bf1 Bc7 21. f4 Nxc5 22. bxc5 Qf6 23. g3 g5 24. fxg5 $14 {Ikonnikov,V-Gazarek,D/Werfen op (9)/1991/}) (14. Ne1 Nd7 15. Nd3 a5 16. a3 axb4 17. axb4 b5 18. Bg4 Nb6 19. Nc5 Qc7 20. Rfd1 Reb8 21. Rxa8 Rxa8 22. e4 dxe4 23. N3xe4 Be7 24. Bh5 $10 {Torre,E-Lalic,B/Saint John op-1/1988/}) (14. Bd3 Nd7 15. Rfe1 g6 (15... Be7 16. Rab1 Bf8 17. e4 a5 18. a3 axb4 19. axb4 g6 20. h3 Bg7 {0,5/Speelman,J-Short,N/Belfort WCup/1988/}) 16. e4 Bg7 17. e5 Qe6 18. Ne2 Nf8 19. g3 Qd7 20. Nf4 Rac8 21. Rac1 Rc7 22. Bf1 Qd8 23. Bh3 Bc8 24. Bxc8 $14 {Karpov,A-Short,N/Belfort WCup/1988/}) (14. Rac1 Nd7 15. Ne1 (15. Rfd1 Rad8 16. Ne1 Nf8 (16... b5 17. a4 a6 18. a5 Be7 19. Nd3 Qe6 20. Bf3 Bd6 21. Ne2 Bb8 22. Rc3 Qd6 23. g3 g6 24. Rdc1 $14 {Levitt-Petrosian/Polanica Zdroj (4)/1988/}) 17. b5 c5 18. dxc5 bxc5 19. Bf3 c4 20. Qa4 Qc5 21. Ne2 Ne6 22. Nd3 cxd3 23. Rxc5 Nxc5 24. Qxa7 $13 {Botsari,AM-Geller,Al/Dortmund op (3)/1991/}) 15... Nf8 16. Nd3 Rac8 17. Rfd1 Rc7 18. Nf4 Ne6 19. Nxe6 Rxe6 20. Bf3 Bd8 21. b5 Qf8 22. bxc6 Rexc6 23. Rc2 Rc4 24. a3 $13 {Buckley,G-Maric,A/Oakham/1990/}) (14. Rad1 Nd7 15. Rfe1 Rad8 16. Bf1 Be7 17. a3 Nf6 18. Ne5 Bc8 19. b5 c5 20. Nc6 c4 21. Qc2 Rd7 22. e4 Qc7 23. Nxd5 Nxd5 24. exd5 $16 {Eslon,J-Glimbrandt,T/Zaragoza op/1992/}) (14. Rfd1 Nd7 15. Ne1 Nf8 16. Rac1 Ne6 17. Bf1 h5 18. g3 h4 19. Bg2 hxg3 20. hxg3 b5 21. a4 a6 {0,5/Schneider,A-Kharitonov/Lvov-mm/1985/}) 14... Nd7 15. Bf1 Be7 (15... a5 16. bxa5 Rxa5 17. e4) 16. Rab1 a5 17. bxa5 Rxa5 18. a4 Ba6 (18... Raa8 19. e4 $14) 19. Bxa6 Rxa6 20. e4 dxe4 21. Nxe4 $146 ({RR} 21. Rxe4 Nf6 22. Ne5 Rf8 23. Re2 Bd8 24. Qc4 Ra7 25. Rc2 Rc7 26. Rxb6 Nd7 27. Nxd7 Qxd7 28. Ne2 Re8 29. Kf1 Re6 30. g3 Rc8 31. Rb3 Rd6 32. Kg2 Bf6 33. Rb4 Rd8 34. a5 Qa7 35. a6 R8d7 {Zakhartsov,V (2539)-Zatonskih,V (2342) Riga 2017 1-0 (46)}) 21... Qg6 (21... Qd5 $2 22. Qxd5 cxd5 23. Nd6 $18) 22. Re3 Rb8 (22... c5 23. Qb5 Ra7 24. Ne5 $16) 23. Nc3 Bd6 24. Qc4 b5 (24... Ra7 25. Rbe1 $14) 25. axb5 cxb5 26. Rxb5 Ra1+ 27. Re1 Rxe1+ 28. Nxe1 Re8 (28... Rxb5 29. Qxb5 $16) 29. Nf3 Qc2 30. g3 Nf6 31. Qb3 Qc1+ (31... Qxb3 32. Rxb3 Rc8 $16) 32. Kg2 Qa1 33. Rb6 Qa3 34. Qc4 (34. Qxa3 Bxa3 $16) 34... Rd8 35. Rb7 Rf8 36. Rb6 Rd8 37. Nb5 Qb4 38. Qc6 (38. Nxd6 Qxb6 39. Qxf7+ Kh7 40. Nf5 Rd7) 38... Bf8 39. Rb7 Qb3 40. Ne5 Nd5 (40... Qe6 41. Qc7 Qd5+ 42. f3 $16) 41. Nxf7 1-0

[Event "Dos Hermanas"]
[Site "Dos Hermanas"]
[Date "1993.??.??"]
[Round "9"]
[White "Rivas Pastor, Manuel"]
[Black "Karpov, Anatoly"]
[Result "1/2-1/2"]
[WhiteElo "2515"]
[BlackElo "2725"]
[PlyCount "41"]
[EventDate "1993.04.??"]
[EventType "tourn"]
[EventRounds "9"]
[EventCountry "ESP"]
[EventCategory "14"]
[SourceTitle "CBM 036"]
[Source "ChessBase"]
[SourceDate "1993.10.01"]
[SourceVersion "1"]
[SourceVersionDate "1993.10.01"]
[SourceQuality "1"]

1. c4 e6 2. Nc3 d5 3. d4 Nf6 4. Nf3 Be7 5. Bg5 h6 6. Bh4 O-O 7. Rc1 b6 8. cxd5 exd5 9. e3 Bb7 10. Bb5 a6 11. Ba4 Nbd7 12. O-O Rc8 13. Bb3 c5 $146 ({RR} 13... Re8 14. Re1 c5 15. dxc5 Nxc5 16. Bc2 Nce4 17. Nxe4 Nxe4 18. Bxe7 Qxe7 19. Nd4 Qb4 20. Bxe4 dxe4 21. Qe2 a5 22. a3 Qd6 23. Qg4 Qe7 24. h3 Rc5 25. Qf4 Rec8 26. Nf5 Qf6 27. Rxc5 Rxc5 28. Qb8+ {Qendro,L (2295)-Upton,T (2265) Thessaloniki 1988 1-0 (37)}) 14. dxc5 Nxc5 15. Bxf6 Bxf6 16. Bxd5 Bxc3 17. Bxb7 Bxb2 18. Bxc8 Bxc1 19. Bxa6 Bxe3 20. Bc4 Bf4 21. g3 1/2-1/2

[Event "World-ch30-KK1 Karpov-Kasparov +5-3=40"]
[Site "Moscow"]
[Date "1984.12.07"]
[Round "31"]
[White "Karpov, Anatoly"]
[Black "Kasparov, Garry"]
[Result "1/2-1/2"]
[WhiteElo "2700"]
[BlackElo "2710"]
[PlyCount "70"]
[EventDate "1984.09.10"]
[EventType "match"]
[EventRounds "48"]
[EventCountry "URS"]
[SourceTitle "MainBase"]
[Source "ChessBase"]
[SourceDate "1999.07.01"]
[SourceVersion "2"]
[SourceVersionDate "1999.07.01"]
[SourceQuality "1"]

1. Nf3 {Kostakiev,Dimitar} d5 2. d4 Nf6 3. c4 e6 4. Nc3 Be7 5. Bg5 h6 6. Bh4 O-O 7. e3 b6 8. Rc1 Bb7 9. Be2 Nbd7 10. cxd5 exd5 11. O-O c5 12. Qa4 a6 13. dxc5 bxc5 14. Rfd1 Qb6 15. Qb3 Qa7 ({RR} 15... Rac8 16. Bg3 Rfd8 17. Ne5 Qxb3 18. axb3 Nb6 19. Ra1 d4 20. exd4 cxd4 21. Na4 Nxa4 22. Rxa4 Rc2 23. Bxa6 Bxa6 24. Rxa6 Rxb2 25. Nc6 Rd7 26. Be5 Ne4 27. Nxe7+ {½-½ (27) Herraiz Hidalgo,H (2410)-Unuk,L (2282) Barcelona 2019}) 16. Bg3 Rad8 ({RR} 16... Rfd8 17. Ne5 Nb6 18. a4 Bd6) ({RR} 16... Rac8 17. Ne5 Rfd8 18. Bf3 Nb6) 17. Ne1 $146 ({RR} 17. Rd2 Rfe8 18. Qd1 ({RR} 18. Rcd1 Qa8 ({RR} 18... Nf8 19. Bc7 Rc8 20. Bg3 Rcd8) 19. Nh4) 18... Bf8 ({RR} 18... Qb6 19. b3 Qe6) 19. Bh4 ({RR} 19. Bd3 Qb6 20. Bf5 d4 21. exd4 Bxf3 22. gxf3 cxd4 23. Rxd4 Nc5 ({RR} 23... Qxb2 24. Bc7 Rc8 25. Bxd7)) 19... Qa8 20. Ne1 ({RR} 20. Bg3 Be7 21. Nh4 Bf8 22. a3 Ne5 23. Nf5 g6 24. Bxe5 Rxe5 25. Ng3) 20... Be7 21. Bg3 ({RR} 21. Bf3 Ne5) 21... Nf8 22. Nf3 ({RR} 22. Bc7 Rc8) ({RR} 22. Bf3 Ne6) 22... Ne6 23. Bh4 ({RR} 23. Be5 Ng4 24. Bg3 d4 25. exd4 cxd4 26. Nb1 ({RR} 26. Nxd4 Bg5) 26... Bb4 27. Rdc2 Bd6) 23... d4 24. exd4 cxd4 25. Na4 ({RR} 25. Nxd4 Nxd4 26. Rxd4 Bxg2) 25... Nf4 26. Nc5 ({RR} 26. Bxf6 Bxf6 27. Nc5 Rxe2 28. Rxe2 Bxf3 29. gxf3 Qd5 30. Ne4) ({RR} 26. Nb6 Qa7 27. Bxf6 Bxf6 28. Nc4 Rxe2 29. Rxe2 Bxf3 30. gxf3 Qc5) 26... Bxc5 ({RR} 26... Nxe2+ 27. Rxe2 Bxf3 28. gxf3 Qxf3 29. Qd3 ({RR} 29. Nxa6 Ne4 30. Bxe7 ({RR} 30. Bg3 Ng5 31. h4 Nh3+ 32. Kh2 Nf4 33. Bxf4 Qxf4+ 34. Kh1 Qxh4+) 30... Qg4+ 31. Kh1 Rxe7 32. Rec2 Qh4 33. Qf3 d3) 29... Qf4 30. Rc4 ({RR} 30. Bg3 Qxc1+)) 27. Bxf6 ({RR} 27. Rxc5 Ne4 28. Rf5 ({RR} 28. Bxd8 Nxd2) 28... Nxd2 29. Rxf4 Nxf3+ 30. Bxf3 Bxf3 31. gxf3) 27... d3 ({RR} 27... Rxe2 28. Rxe2 Bxf3 29. gxf3 Qc6) ({RR} 27... Bb4 28. Bf1 ({RR} 28. Bxd8 Bxd2 29. Bf1 Bxc1 30. Qxc1 Nxg2 31. Nh4 Qxd8 32. Nxg2 Qd5) 28... Nh3+ 29. gxh3 Bxf3 30. Be2 Rxe2 31. Rxe2 gxf6 32. Rc7 Kh8) ({RR} 27... gxf6 28. Rxc5 Rxe2 29. Rf5 ({RR} 29. Rxe2 Bxf3 30. gxf3 Qxf3 {RR} 31. Qf1 ({RR} 31. Re8+ Rxe8 32. Qxf3 Re1#) 31... Nxe2+) 29... Rxd2 30. Qxd2 Nh3+ 31. gxh3 Bxf3) 28. Bxd3 ({RR} 28. Bf1 Ne2+ 29. Bxe2 dxe2 30. Qxe2 gxf6 31. Rxd8 Qxd8) 28... Bxf3 29. gxf3 Rd5 ({RR} 29... Rxd3 30. Rxd3 Re1+ ({RR} 30... Qc8 31. Rd8 Rxd8 32. Qxd8+ Qxd8 33. Bxd8 Ne2+) 31. Qxe1 Nxd3 32. Qd1 Nxc1 33. Qxc1 Qd5) 30. Bh4 ({RR} 30. Be4 Rxd2 31. Qxd2 Rxe4 32. Rxc5 ({RR} 32. Qd8+ Qxd8 33. Bxd8 Rd4) ({RR} 32. fxe4 Qxe4) 32... gxf6 33. fxe4 Qxe4 34. Rc8+ Kg7 35. f3 Qxf3 36. h3 Ne2+ 37. Kh2 Qg3+ 38. Kh1 Qxh3#) ({RR} 30. Bf1 Rxd2 31. Qxd2 Qxf3 32. Rc3 Bb4 33. Rxf3 Bxd2 34. Rg3 Nh5 35. Rd3) ({RR} 30. Rc4 {RR} Nh3+ ({RR} 30... Rxd3 31. Rxf4 Rxd2 32. Qxd2 gxf6 33. Rg4+ Kh7 34. Qd7 ({RR} 34. Qc2+ Kh8 35. Qxc5 ({RR} 35. Qd2 Bf8) 35... Qxf3) 34... Kh8 35. Qxf7 Re1+ 36. Kg2 Qf8) ({RR} 30... gxf6 31. Rxf4) 31. Kg2 Rxd3 32. Rxd3 Nxf2 33. Qc2 Nxd3 ({RR} 33... Ba7 34. Rdc3) 34. Qxd3 gxf6 ({RR} 34... Bf8 35. Bc3) 35. Rxc5) 30... Bb4 31. Rc3 Bxc3 {Topalov,V (2740)-Kasparov,G (2825) Sofia 1998 CBM 065 [Kostakiev,Dimitar] 0-1 (32)}) ({RR} 17. Nh4 Rfe8 ({RR} 17... c4 18. Qc2) ({RR} 17... g6 18. Bf3 Nb8 19. Nxd5 Nxd5 20. Bxd5) 18. Nf5 Bf8 19. Bf3 g6 20. Nd6 Bxd6 21. Bxd6 Ne5 22. Bxe5 ({RR} 22. Bxc5 Nxf3+ 23. gxf3 Qxc5 24. Qxb7 d4 25. Ne4 Qf5 ({RR} 25... Nxe4 26. Rxc5 Nxc5 27. Qb6) 26. Ng3 Qg5 27. exd4 Rxd4 28. Qxa6) 22... Rxe5 23. Na4 Nd7 24. Bxd5 Bxd5 25. Rxd5 Rxd5 26. Qxd5 Rb8 27. b3) ({RR} 17. Rd2 Rfe8 18. Rcd1 Bf8 19. Qc2 Qa8 20. Ne1 Ne5 21. Bxe5 Rxe5 22. Bf3 Ree8 23. Na4 Qa7 24. Nd3 c4 25. Nf4 Rxe3 26. Bxd5 Nxd5 27. Nxd5 Rxd5 28. Rxd5 Bxd5 29. fxe3 Qxe3+ 30. Kh1 Bd6 31. Nc3 Qh3 {Kiese,M (2227)-Heinemann,D (2280) Germany 2002 0-1 (33)}) 17... d4 18. exd4 cxd4 19. Na4 Rc8 20. Rxc8 Rxc8 21. Bc4 Rf8 22. Qd3 Bc6 23. Bb3 Ne4 24. Qxd4 Qb7 25. Bd5 Ndf6 26. Bxc6 Qxc6 27. b3 Re8 28. Qd3 h5 29. Qc4 Qb7 30. Nf3 Rc8 31. Qe2 Ng4 32. Ne5 Nxg3 33. hxg3 Qb5 34. Nc4 Bf6 35. Nab6 Re8 1/2-1/2

[Event "Novokuznetsk Spring op"]
[Site "Novokuznetsk"]
[Date "2014.04.20"]
[Round "7"]
[White "Kamensky, Danil"]
[Black "Karpov, Arkadiy"]
[Result "1/2-1/2"]
[WhiteElo "1820"]
[BlackElo "2028"]
[PlyCount "132"]
[EventDate "2014.03.29"]
[EventType "swiss"]
[EventRounds "9"]
[EventCountry "RUS"]
[SourceTitle "EXT 2015"]
[Source "ChessBase"]
[SourceDate "2014.11.20"]
[SourceVersion "1"]
[SourceVersionDate "2014.11.20"]
[SourceQuality "1"]

1. d4 Nf6 2. c4 e6 3. Nf3 Be7 4. Nc3 d5 5. Bg5 O-O ({RR} 5... h6 6. Bh4 O-O {½-½ (8) Stefansson,H (2560)-Bruzon Batista,L (2676) Alajuela 2014}) 6. e3 h6 7. Bh4 b6 8. Bd3 Ba6 ({RR} 8... dxc4 9. Bxc4 Ba6 10. Bxa6 Nxa6 11. O-O c5 12. Qe2 Qc8 13. Rac1 Qb7 14. Rfd1 Rfd8 15. a3 Rac8 16. h3 cxd4 17. Nxd4 Nc5 18. b4 Ncd7 19. Bg3 Ne4 20. Nxe4 Qxe4 21. b5 Bxa3 22. Rxc8 Rxc8 23. Qa2 {Essing,A (2215)-Aslanov,U (2280) chess.com INT 2025 ½-½ (75)}) 9. Qe2 c5 $146 ({RR} 9... Bb7 10. O-O Ne4 11. Bxe7 Qxe7 12. Rac1 Nxc3 13. Rxc3 c6 14. Rfc1 f6 15. cxd5 exd5 16. Nh4 Rc8 17. Qg4 Nd7 18. Nf5 Qf8 19. Nxh6+ Kh8 {1-0 (19) Herde,D (1801)-Mietz,W (1593) Mecklenburg VP 2008}) ({RR} 9... Nbd7 10. O-O c5 11. Rac1 cxd4 12. exd4 dxc4 13. Bxc4 Bxc4 14. Qxc4 Nh5 15. Bxe7 Qxe7 16. Rc2 Rac8 17. Qa6 Nb8 18. Qe2 Qb7 19. Rfc1 Nf6 20. h3 Nc6 21. Ne4 Ne7 22. Nxf6+ gxf6 23. Qd2 Kh7 24. Qd3+ {Henkemeier,M (1898)-Student,M (1895) Lieme 2009 0-1 (38)}) 10. cxd5 Bxd3 11. Qxd3 exd5 12. dxc5 bxc5 13. Bxf6 Bxf6 14. O-O d4 15. Ne4 dxe3 16. Nxf6+ Qxf6 17. Qxe3 Na6 18. Qe5 Qb6 19. Rfe1 Rab8 20. b3 Nb4 21. Qc3 Rbd8 22. Qc4 Nd3 23. Re3 Qf6 24. Rf1 Qf5 25. Qc2 g6 26. a3 Rd5 27. Rd1 Rfd8 28. Rd2 Qd7 29. h3 Nf4 30. Rxd5 Qxd5 31. Rc3 Qd1+ 32. Qxd1 Rxd1+ 33. Kh2 Nd3 34. Kg3 f5 35. Nh4 f4+ 36. Kf3 g5 37. Nf5 Rd2 38. Nxh6+ Kh7 39. Ng4 Kg6 40. g3 Kf5 41. Nh6+ Kg6 42. Ng4 Kf5 43. Nh6+ Kf6 44. Ng4+ Kf5 45. Kg2 fxg3 46. Kxg3 Ke4 47. Nf6+ Ke5 48. Ng4+ Kd5 49. Kf3 Nf4 50. Nf6+ Ke6 51. Ne4 Rd5 52. Nxc5+ Kf5 53. Na4 Nxh3 54. Rc5 Rxc5 55. Nxc5 g4+ 56. Ke3 Nf4 57. b4 Ng2+ 58. Ke2 Nf4+ 59. Kd2 Nd5 60. Nd3 Ke4 61. a4 Kd4 62. a5 Nc3 63. Kc2 Nb5 64. Kd2 Nc3 65. Kc2 Nb5 66. Nb2 Nd6 1/2-1/2